No procede demandar la nulidad de cosa juzgada fraudulenta contra sentencias emitidas en procesos no contenciosos (Registro nro. 22607)
[ vista simple ]
| 000 -Cabecera | |
|---|---|
| Campo de control interno | 01518nam a2200229 4500 |
| 001 - Número de control | |
| control field | ESSALUD |
| 005 - Fecha y hora de la última transacción | |
| Campo de control | 20260701163052.0 |
| 007 - Tipo material - Descripcion fisica - info general | |
| Tipo material - Descripcion fisica - info general | ta |
| 008 - Elementos de Longitud Fija - Información General | |
| Elementos de Longitud Fija - Información | t pe ||||| |||| 00| 0 spa d |
| 040 ## - Origen de la Catalogación | |
| Origen de la Catalogación | BMG |
| 041 ## - Idioma | |
| Idioma | spa |
| 100 ## - Autor | |
| Autor | Corte Suprema de Justicia de la República. Sala Civil Permanente |
| Rol del Autor | Autor |
| 9 (RLIN) | 53005 |
| 245 ## - Titulo | |
| Titulo | No procede demandar la nulidad de cosa juzgada fraudulenta contra sentencias emitidas en procesos no contenciosos |
| 300 ## - Páginas | |
| Paginación | páginas 163-162 |
| 520 ## - Resumen | |
| Resumen | Es un hecho acreditado en autos que se ha presentado una demanda de nulidad de cosa juzgada fraudulenta contra una sentencia emitida dentro de un proceso no contencioso sobre sucesión intestada, sentencia que por su propia naturaleza no tiene calidad de cosa juzgada, conforme lo han establecido las instancias jurisdiccionales, precisando que la vía del proceso de nulidad de cosa juzgada fraudulenta es residual y excepcional. Por ello, en el presente caso dicha vía no es la correcta, sino que el recurrente es libre de ejercer su derecho a interponer una demanda de petición de herencia y acumulativamente declaración de heredero, donde se podrá discutir con amplitud la vocación sucesoria. |
| 650 ## - Temas - Descriptores | |
| Temas - Descriptores | MEDIDA CAUTELAR |
| 9 (RLIN) | 53080 |
| 650 ## - Temas - Descriptores | |
| Temas - Descriptores | NULIDAD |
| 9 (RLIN) | 46968 |
| 650 ## - Temas - Descriptores | |
| Temas - Descriptores | COSA JUZGADA |
| 9 (RLIN) | 52967 |
| 650 ## - Temas - Descriptores | |
| Temas - Descriptores | ACCIÓN DE AMPARO |
| 9 (RLIN) | 53089 |
| 773 0# - Revista (Relacion con el numero) | |
| Host Biblionumber | 22573 |
| Host Itemnumber | 22621 |
| Ciudad, Editorial | Lima Grupo Praxis Formación Profesional, 2026- |
| Codigo barras item/ejemplar | PRA002 |
| Titulo de la Revista | Praxis Civil & Procesal Civil |
| Número de control de registro | ESSALUD |
| ISSN | 3119-7671 |
| 942 ## - Elementos de Koha | |
| Tipo de Documento | Artículos |
| Fecha procesamiento | 2026-07-01 |
| Catalogador | sqb |
No hay ítems disponibles.